| 000 | 00395cam a22001337a 4500 | ||
|---|---|---|---|
| 008 | 180718b1983 xxu||||| |||| 00| 0 eng d | ||
| 082 | _aR18x5453 K128 | ||
| 100 | _aKamble, N.D. | ||
| 245 |
_aLabour migration in Indian states _cby N.D. Kamble |
||
| 260 |
_aDelhi _bAshish _c1983 |
||
| 300 | _a158p. | ||
| 650 | _aPopulation - Migration - India - Kerala | ||
| 650 | _aMigrat labour - India - Kerala | ||
| 999 |
_c347305 _d347305 |
||